000 00351nam a2200145Ia 4500
008 230917s9999||||xx |||||||||||||| ||und||
040 _e133961
_aMAIN
041 _aEnglish
082 _a355.4 P541S
100 _aPhillips, C E Lucas
245 0 _aSpringboard to victory
260 _aDelhi
_bArmy Publishers
_c1966
300 _a238 p.
942 _cBK
999 _c64687
_d64687